000 00318nam a22001337a 4500
008 181016b xxu||||| |||| 00| 0 eng d
020 _a9781416047148
041 _aeng
080 _24th
_a610
100 _a4
101 _aSHM
245 _aEssentials of Human Diseases and Conditions
_cFrazier,M.S
942 _2udc
_cBK
999 _c49924
_d49924